| 000 | 00453nam a22001697a 4500 | ||
|---|---|---|---|
| 999 |
_c12227 _d12227 |
||
| 008 | 220823b ||||| |||| 00| 0 eng d | ||
| 020 | _a9789385077784 | ||
| 082 |
_a158.1 _bCAR |
||
| 100 | _aCarnegie, Dale | ||
| 245 | _aHow to win friends and influence people | ||
| 260 |
_aNew Delhi _bVayu education of India _c2021 |
||
| 300 |
_a272p. _bpb |
||
| 650 | _aSuccess | ||
| 650 | _aInterpersonal relations | ||
| 650 | _aSelf-actualization | ||
| 942 | _cBK | ||